| 000 | 00813cab a2200229 4500 | ||
|---|---|---|---|
| 001 | ABS60150 | ||
| 008 | 090401t1999 xxu||||| |||| 00| 0 eng d | ||
| 035 | _a(Sirsi) u91412 | ||
| 041 | _aeng | ||
| 100 | _aJohnston, B. | ||
| 245 | _aTime to put policy into practice | ||
| 260 | _c1999 | ||
| 350 | _a0 | ||
| 490 |
_aPlanning (for the Natural and Built Environment) _v(1305) 12 February 1999, 10(1) |
||
| 520 | _aThe European Commission feels that the time has come to put the European Spatial Development Perspective`s principles into practice. Highlights the problems with the ESDP and contrasting points of view. | ||
| 650 | _aEUROPEAN COMMISSION | ||
| 650 | _aEUROPEAN SPATIAL DEVELOPMENT PERSPECTIVE | ||
| 650 | _aPLANNING | ||
| 690 | _aEUROPE-SINGLE MARKET | ||
| 942 | _n0 | ||
| 948 | _c18/02/1999 | ||
| 999 |
_c58029 _d58029 |
||